Statistics for Top World Languages with Exceptions

Click here to take the quiz!

General Stats

  • This quiz has been taken 130 times
    (79 since last reset)
  • The average score is 23 of 39

Answer Stats

#Language% Correct
918 milMandarin
96%
128 milJapanese
93%
275 milArabic
93%
77.3 milKorean
91%
76.0 milVietnamese
90%
59.0 milMalay
90%
73.1 milCantonese
89%
75.0 milTamil
87%
23.6 milTagalog
86%
20.7 milThai
84%
16.6 milKhmer
81%
32.9 milBurmese
77%
81.4 milWu
74%
79.4 milTurkish
73%
12.1 milZulu
67%
21.9 milAmharic
67%
25.1 milUzbek
66%
50.1 milMin Nan
63%
68.3 milJavanese
63%
12.9 milKazakh
61%
27.0 milIgbo
60%
37.8 milYoruba
57%
43.9 milHausa
54%
16.2 milSomali
51%
37.1 milMalayalam
50%
82.0 milTelugu
49%
23.0 milAzerbaijani
47%
12.6 milHungarian
43%
43.6 milKannada
41%
32.4 milSundanese
39%
48.2 milHakka
39%
15.9 milCebuano
30%
10.4 milUyghur
30%
37.3 milXiang
24%
46.9 milJin
23%
22.1 milGan
21%
12.1 milKinyarwanda
20%
14.5 milFula
19%
10.8 milKirundi
19%

Score Distribution

Percentile by Number Answered

Percent of People with Each Score

Your Score History

You have not taken this quiz since the last reset